Advances in pulse production technology / (Record no. 590)

MARC details
000 -LEADER
fixed length control field 00649nam a22002297a 4500
001 - CONTROL NUMBER
control field BD-DhSAU 590
003 - CONTROL NUMBER IDENTIFIER
control field BD-DhSAU
005 - DATE AND TIME OF LATEST TRANSACTION
control field 20150105015747.0
008 - FIXED-LENGTH DATA ELEMENTS--GENERAL INFORMATION
fixed length control field 150105b1990 ii a||||r|||| 000 0 eng d
040 ## - CATALOGING SOURCE
Transcribing agency BD-DhSAU
082 ## - DEWEY DECIMAL CLASSIFICATION NUMBER
Edition number 22
Classification number 633.8
Item number JEP
100 ## - MAIN ENTRY--PERSONAL NAME
Personal name Jeswani, L. M.
245 ## - TITLE STATEMENT
Title Advances in pulse production technology /
Statement of responsibility, etc. L. M. Jeswani and B. Baldev
260 ## - PUBLICATION, DISTRIBUTION, ETC. (IMPRINT)
Place of publication, distribution, etc. New Delhi :
Name of publisher, distributor, etc. Indian council and information division
Date of publication, distribution, etc. c1990
300 ## - PHYSICAL DESCRIPTION
Extent ix, 190 p. :
Other physical details ill. ;
Dimensions 24 cm
590 ## - Name of Cataloguer
Name of Cataloger joy
650 ## - SUBJECT ADDED ENTRY--TOPICAL TERM
Topical term or geographic name as entry element Agronomy
650 ## - SUBJECT ADDED ENTRY--TOPICAL TERM
Topical term or geographic name as entry element Pulse
650 ## - SUBJECT ADDED ENTRY--TOPICAL TERM
Topical term or geographic name as entry element Pulse
General subdivision Production
650 ## - SUBJECT ADDED ENTRY--TOPICAL TERM
Topical term or geographic name as entry element Pulse
General subdivision production technology.
700 ## - ADDED ENTRY--PERSONAL NAME
Personal name Baldev, B.
942 ## - ADDED ENTRY ELEMENTS (KOHA)
Source of classification or shelving scheme Dewey Decimal Classification
Koha item type Book
Holdings
Withdrawn status Lost status Source of classification or shelving scheme Damaged status Not for loan Home library Branch Name Shelving location Date acquired Total Checkouts Full call number Barcode Date last seen Date checked out Price effective from Koha item type
    Dewey Decimal Classification     SAU Library SAU Library Book Cart 13/08/2003 1 633.8 JEP 30870 05/01/2010 16/03/2020 05/01/2015 Book